Online
Catalog

Métrica de la personalidad : (Record no. 5124)

MARC details
000 -CABECERA
campo de control de longitud fija 01219nam a2200277 a 4500
001 - NÚMERO DE CONTROL
campo de control 000005323
005 - FECHA Y HORA DE LA ÚLTIMA TRANSACCIÓN
campo de control 20251208100711.0
008 - DATOS DE LONGITUD FIJA--INFORMACIÓN GENERAL
campo de control de longitud fija 090819s1971 mx 001 0 spa d
040 ## - FUENTE DE LA CATALOGACIÓN
Centro catalogador/agencia de origen DO-SdBNP
Lengua de catalogación spa
Centro/agencia transcriptor BNPHU
082 ## - NÚMERO DE LA CLASIFICACIÓN DECIMAL DEWEY
Número de clasificación 155.28
Número de documento/Ítem M496m
049 ## - FONDOS LOCALES (OCLC)
Fondos de biblioteca BMPD
100 1# - ENTRADA PRINCIPAL--NOMBRE DE PERSONA
Nombre de persona Megargee, Edwin I.
9 (RLIN) 15102
240 10 - TÍTULO UNIFORME
Título uniforme Research in clinical assessment
245 10 - MENCIÓN DE TÍTULO
Título Métrica de la personalidad :
Resto del título metodología general y evaluación clínica con pruebas estructuradas /
Mención de responsabilidad, etc. Edwin I. Megargee ; traductor Emilio Ribes Iñesta.
260 ## - PUBLICACIÓN, DISTRIBUCIÓN, ETC.
Lugar de publicación, distribución, etc. México :
Nombre del editor, distribuidor, etc. Trillas,
Fecha de publicación, distribución, etc. 1971.
300 ## - DESCRIPCIÓN FÍSICA
Extensión 2 v. ;
Dimensiones 23 cm.
490 1# - MENCIÓN DE SERIE
Mención de serie Biblioteca técnica de psicología ;
500 ## - NOTA GENERAL
Nota general La biblioteca posee la reimpresión de 1980
505 0# - NOTA DE CONTENIDO CON FORMATO
Información miscelánea v.1. --
Título Metodología general y evaluación clínica con pruebas estructuradas --
Información miscelánea v. 2. --
Título Evaluación clínica con pruebas proyectivas ; Integración de los datos de baterías de pruebas en el diagnóstico clínico.
590 ## - NOTA LOCAL (RLIN)
Nota local libro autográfiado .
650 #0 - PUNTO DE ACCESO ADICIONAL DE MATERIA--TÉRMINO DE MATERIA
Término de materia o nombre geográfico como elemento de entrada Pruebas de personalidad
9 (RLIN) 15103
650 #4 - PUNTO DE ACCESO ADICIONAL DE MATERIA--TÉRMINO DE MATERIA
Término de materia o nombre geográfico como elemento de entrada Personalidad
Subdivisión general Evaluación
9 (RLIN) 15104
650 #4 - PUNTO DE ACCESO ADICIONAL DE MATERIA--TÉRMINO DE MATERIA
Término de materia o nombre geográfico como elemento de entrada Tecnicas proyectivas
9 (RLIN) 15105
700 1# - PUNTO DE ACCESO ADICIONAL--NOMBRE DE PERSONA
Nombre de persona Ribes Iñesta, Emilio,
Término indicativo de función/relación tr.
9 (RLIN) 15106
830 #0 - PUNTO DE ACCESO ADICIONAL DE SERIE-TÍTULO UNIFORME
Título uniforme Biblioteca técnica de psicología ;
9 (RLIN) 15107
Holdings
Estado de retiro Estado de pérdida Restricciones de uso No para préstamo Código de colección Localización permanente Ubicación/localización actual Ubicación en estantería Fecha de adquisición Número de inventario Total de préstamos Signatura topográfica completa Código de barras Fecha visto por última vez Precio válido a partir de Tipo de ítem Koha
        Monografías: Libros y Folletos General General Depósito 19.08.2009 LF1   v. 1 5323-10 25.06.2020 25.06.2020 Préstamo en sala
        Monografías: Libros y Folletos General General Depósito 07.09.2009 LF1   v. 2 5323-20 25.06.2020 25.06.2020 Préstamo en sala

Powered by Koha